Normal view
MARC view
- Sheikh, Mariam
Entry Personal Name
001 - CONTROL NUMBER
- control field: 16720
003 - CONTROL NUMBER IDENTIFIER
- control field: NUST
005 - DATE AND TIME OF LATEST TRANSACTION
- control field: 20190704092626.0
008 - FIXED-LENGTH DATA ELEMENTS
- fixed length control field: 190704|| aca||aabn | a|a d
040 ## - CATALOGING SOURCE
- Original cataloging agency: NUST
- Transcribing agency: NUST
100 ## - HEADING--PERSONAL NAME
- Personal name: Sheikh, Mariam
670 ## - SOURCE DATA FOUND
- Source citation: Work cat.: (NUST): Sheikh, Mariam, Investigation the Temporal Changes in Precipitation and the Spatial Extent of Consequent Flooding in Pakistan /, 2017.
